| 000 | 00557nam a22001817a 4500 | ||
|---|---|---|---|
| 005 | 20250612122405.0 | ||
| 010 | _aENG-145313 | ||
| 020 |
_a9788124605660 _c295.00 |
||
| 035 | _aEN-128845 | ||
| 037 | _bDBAD | ||
| 082 | _a230.53 | ||
| 100 |
_aSubramony, R. _981939 |
||
| 245 |
_aParamahamsa: _bA Vedantic Tale/ _cR. Subramony |
||
| 260 |
_aNew Delhi _bD.K. Printworld _c2022 |
||
| 270 |
_aSri Kunj, F-52, Bali Nagar, Ramesh Nagar Metro Station _bNew Delhi _e110015 |
||
| 300 |
_axiv, 202p. _c22cm(pb) |
||
| 942 |
_2ddc _cEN _h230.53 _mSUB |
||
| 999 |
_c211756 _d211756 |
||